10 największych miast Hiszpanii - Statystyki

Ogólne statystyki
  • Ten quiz został rozwiązany 149 razy
  • Średni wynik to 7 z 10
Statystyki odpowiedzi
# Populacja Miasto % Poprawnych
2. 1 620 809 Barcelona
100%
1. 3 266 126 Madryt
100%
4. 684 234 Sewilla
84%
10. 345 122 Bilbao
81%
3. 801 545 Walencja
81%
6. 574 654 Malaga
71%
5. 661 108 Saragossa
59%
8. 400 578 Palma
45%
9. 381 223 Las Palmas
41%
7. 462 979 Murcja
39%
Nie znaleziono quizów pasujących do podanych kryteriów
Rozkład punktacji
Procent ludzi z każdym wynikiem
Percentyl według liczby udzielonych odpowiedzi
Twoja historia wyników
Nie rozwiązałeś tego quizu